书目信息 |
| 题名: |
功夫影帝成龙
|
|
| 作者: | 窦应泰 著 | |
| 分册: | ||
| 出版信息: | 郑州 河南文艺出版社 2000.01 |
|
| 页数: | 497页 | |
| 开本: | 20cm | |
| 丛书名: | ||
| 单 册: | ||
| 中图分类: | K825 | |
| 科图分类: | ||
| 主题词: | 人物--传记--中国 | |
| 电子资源: | ||
| ISBN: | 7-80623-165-X | |
| 000 | 00507nam0 2200181 45 | |
| 001 | 0009182024 | |
| 005 | 20080408155359.82 | |
| 010 | @a7-80623-165-X@dCNY 23.80 | |
| 100 | @a20000918d2000 km y0chiy0120 ea | |
| 101 | 0 | @achi |
| 200 | 1 | @a功夫影帝成龙@AGong Fu Ying Di Cheng Long@f窦应泰著@FDou Ying Tai Zhu |
| 210 | @a郑州@c河南文艺出版社@d2000.01 | |
| 215 | @a497页@d20cm | |
| 606 | 0 | @a人物@x传记@x中国 |
| 690 | @aK825@v3 | |
| 701 | 0 | @a窦应泰@4著 |
| 801 | @aCN@c20080408 | |
| 905 | @b147624-626@dK825@eD825@f3 | |
| 功夫影帝成龙/窦应泰著.-郑州:河南文艺出版社,2000.01 |
| 497页;20cm |
| ISBN 7-80623-165-X:CNY 23.80 |
| ● |
| 相关链接 |
|
|
|
正题名:功夫影帝成龙
索取号:K825/D825
 
预约/预借
| 序号 | 登录号 | 条形码 | 馆藏地/架位号 | 状态 | 备注 |
| 1 | 147624 | 201476241 | 社科库309/309社科库 46排1列1层/ [索取号:K825/D825] | 在馆 | |
| 2 | 147625 | 201476250 | 社科库309/ [索取号:K825/D825] | 在馆 | |
| 3 | 147626 | 201476269 | 社科库309/422社科库 17排1列1层/ [索取号:K825/D825] | 在馆 | |
| 4 | 399041 | 203990413 | 社科库309/309社科库 46排1列1层/ [索取号:K825/D825] | 在馆 | |
| 5 | 399042 | 203990422 | 社科库309/ [索取号:K825/D825] | 在馆 | |
| 6 | 451965 | 204519654 | 社科库309/309社科库 46排1列1层/ [索取号:K825/D825] | 在馆 |